Ceylanların sığınağı (İmam Rıza) (Record no. 5144)

MARC details
000 -BAŞLIK
Sabit Uzunlukta Kontrol Alanı 01041na a2200337 4500
001 - KONTROL NUMARASI
Denetim Alanı 12906
003 - KONTROL NUMARASI IDENTIFIER
Denetim Alanı MIRAKIL
005 - SON İŞLEM TARİHİ VE ZAMANI
Denetim Alanı 20181213155029.0
008 - SABİT-BOY VERİ ELEMANLARI - GENEL BİLGİLER
Sabit Uzunlukta Kontrol Alanı 161010b tu 000 0
020 ## - ULUSLARARASI STANDART KİTAP NUMARASI
Uluslararası Standart Kitap Numarası 9786058538184
035 ## - SİSTEM KONTROL NUMARASI
Sistem Kontrol Numarası 12906
040 ## - KATALOGLAMA KAYNAK
Orijinal Kataloglama Ajansı Milas
Kataloglama Dili tur
Metne Dönüştürmek Ajansı TR-AnCHP
041 ## - DİL KODU
Metin / Ses Parça Veya Ayrı Başlığın Dil Kodu tur
082 ## - DEWEY ONLU SINIFLANDIRMA NUMARASI
Sınıflandırma Numarası 922.97 Rıza,A
Ürün Numarası U12c 2014
090 ## - SINIFLAMA NUMARASI
Sınıflama Numarası 922.97 Rıza,A U12c 2014
100 ## - ANA GİRİŞ - KİŞİSEL İSİM
Kişisel Ad Uçan, Muharrem
Bir Adıyla İlişkilendirilen Tarihler 1989-
245 ## - BAŞLIK TABLOSU
Başlık Ceylanların sığınağı (İmam Rıza)
Sorumluluk Tablosu, Vb Muharrem Uçan
246 ## - UNVAN FORM VARYING
Başlık Doğru / Kısa Başlığı ceylanların sığınağı
246 ## - UNVAN FORM VARYING
Başlık Doğru / Kısa Başlığı İmam Rıza'nın hayat hikâyesi : ceylanların sığınağı
260 ## - YAYIN, DAĞITIM, VB
Yayın, Dağıtım, Vb Yeri İstanbul
Yayıncı, Dağıtıcı, Vs Adı Kalender Yayınevi
Yayın, Dağıtım, Vb Tarihi 2014
300 ## - FİZİKSEL TANIM
Kapsam 344 s.
Boyutlar 21 sm.
490 ## - SERİSİ TABLOSU
Seri Beyanı Biyografi
Hacim / Ardışık Tanımı 5
490 ## - SERİSİ TABLOSU
Seri Beyanı Tarih
Hacim / Ardışık Tanımı 10
490 ## - SERİSİ TABLOSU
Seri Beyanı Kalender Yayınevi
Hacim / Ardışık Tanımı 15
504 ## - KAYNAKÇA VB NOT
Kaynakça Vb Notu Kaynakça var.
600 ## - KONU KATMA GİRİŞ - KURUMSAL ADI
Kişisel Ad Ali er-Rıza
Genel Alt Bölümü Yaşamöyküsü
600 ## - KONU KATMA GİRİŞ - KURUMSAL ADI
Kişisel Ad İmam Rıza
Genel Alt Bölümü Yaşamöyküsü
650 ## - KONU KATMA GİRİŞ - TOPİKAL DÖNEM
Topikal Süreli Veya Coğrafi Ad Giriş Elemanı Onikiciler
Genel Alt Bölümü 12 İmam
Kronolojik Alt Bölümü İmam Rıza
650 ## - KONU KATMA GİRİŞ - TOPİKAL DÖNEM
Topikal Süreli Veya Coğrafi Ad Giriş Elemanı Yaşamöyküsü
Genel Alt Bölümü Dini liderler
Kronolojik Alt Bölümü İslama inananlar
942 ## - EKLENDİ GİRİŞ ELEMANLARI (KOHA)
Sınıflandırma Veya Raf Düzeni Kaynak
Koha Öğesi Türü Books
999 ## - SİSTEM KONTROL NUMARALARI (KOHA)
Koha Biblionumber 5144
Koha Biblioitemnumber 5144
Holdings
Kalıcı Konum Mevcut Konum Edinme Tarihi Edinim Kaynak Toplam Check-Out'Lar Tam Çağrı Numarası Barkod Tarih Son Görülme İtibaren Geçerli Fiyatlar Koha Öğesi Türü
CHP Kütüphanesi CHP Kütüphanesi 08/03/2016 Bağış   922.97 Rıza,A U12c 2014 000487 08/03/2016 08/03/2016 Books